| 000 | 00611nam a22001577a 4500 | ||
|---|---|---|---|
| 999 |
_c4456 _d234960 |
||
| 020 | _a9789587390421 | ||
| 080 | _a340.6 Ex 71 | ||
| 245 | _aExperiencias sobre Vida, Salud, Educación, y Muerte en perspectiva bioética | ||
| 260 |
_aBogotá _bUniversidad del Bosque _c2014 |
||
| 300 | _a222 P. | ||
| 490 |
_aBios y Ethos _v30 |
||
| 650 |
_xbioetica _xconsentimiento informado _xmuerte _xvida _xColombia |
||
| 700 |
_aCarmona Gonzáles Yolima _ePira Molano Mercy Paulina _eMoreno Mazo Sara Edith _eRubio Rincón Gina Sorel _eSalamanca López Leonardo _eGranados Blanco Freddy |
||
| 942 | _6_ | ||
| 945 |
_acd _d2017-05-05 |
||